000 00398nam a2200157Ia 4500
008 230917s9999||||xx |||||||||||||| ||und||
020 _cPON24.95
040 _e18619
_aMAIN
041 _aEnglish
082 _a519.287 C885S
100 _aCrowder, M J etal
245 0 _aStatistical analysis of reliability data
260 _aLondon
_bChampman & Hall
_c1995
300 _axii,250 p.
942 _cBK
999 _c95447
_d95447